| 000 | 00643nam a2200229Ia 4500 | ||
|---|---|---|---|
| 008 | 180523s9999 xx 000 0 und d | ||
| 020 | _a007-124-088-8 | ||
| 050 | _aMAIN QP 44 | ||
| 050 | _b.P38 2005 c.1 | ||
| 100 | _aPatton, Kevin T. | ||
| 245 | 0 | _aLaboratory manual to accompany essentials of anatomy & physiology / | |
| 245 | 0 | _cKevin T. Patton. | |
| 250 | _a5th Edition | ||
| 260 | _aBoston : | ||
| 260 | _bMcGraw-Hill, | ||
| 260 | _c2005 | ||
| 300 | _a324 pages : | ||
| 300 | _billustrations ; | ||
| 300 | _c26 cm. | ||
| 650 | _aHuman physiology -- Laboratory manuals. | ||
| 650 | _xHuman anatamoy -- Laboratory manuals. | ||
| 999 |
_c357588 _d357588 |
||